| 000 | 00386 a2200133 4500 | ||
|---|---|---|---|
| 001 | 87997 | ||
| 082 | _aPR 296 | ||
| 090 |
_c41466 _d41466 |
||
| 100 | _aRana Habibullah Haider; Baber Saeed, advisor | ||
| 245 |
_aDesign and fabrication of sample composite skin panel for JF-17 aircraft _nG-68 |
||
| 260 |
_aRisalpur _bNUST _c2010 |
||
| 300 | _avii, 50p. | ||
| 500 | _aBE project reports AE | ||
| 942 |
_aCAE NUST _kPR 296 |
||
| 999 |
_c323070 _d323070 |
||